Science Quiz

Random Science or Math Quiz

Multiplication Danger Zone Quiz Stats

Quiz Updated Jan 18, 2016

Challenge
Share
Tweet
Embed
Score 0/60 Timer 01:00
0 Plays Today
Problem Answer % Correct
5 x 3???
34.6%
9 x 10???
34%
7 x 10???
33.8%
4 x 3???
33.8%
3 x 10???
33.8%
6 x 10???
33.7%
4 x 10???
33.7%
10 x 7???
33.7%
10 x 9???
33.6%
5 x 10???
33.6%
10 x 5???
33.6%
10 x 3???
33.6%
10 x 6???
33.5%
10 x 4???
33.5%
8 x 10???
33.5%
10 x 8???
33.5%
6 x 5???
33.5%
7 x 3???
33.4%
5 x 5???
33.4%
6 x 6???
33.4%
3 x 4???
33.2%
3 x 7???
33.2%
6 x 4???
33.2%
4 x 5???
33.2%
2 x 8???
33.1%
7 x 5???
33.1%
5 x 6???
33.1%
4 x 6???
33.1%
4 x 4???
33.1%
7 x 7???
33%
Problem Answer % Correct
8 x 5???
33%
5 x 8???
33%
9 x 5???
33%
5 x 9???
33%
3 x 6???
32.9%
9 x 9???
32.9%
7 x 4???
32.8%
5 x 7???
32.8%
8 x 3???
32.8%
9 x 3???
32.6%
3 x 8???
32.6%
8 x 8???
32.6%
3 x 9???
32.5%
4 x 7???
32.5%
4 x 9???
32.4%
9 x 4???
32.3%
9 x 8???
32.1%
8 x 9???
32.1%
7 x 6???
31.9%
6 x 7???
31.9%
8 x 4???
31.8%
8 x 7???
31.7%
6 x 8???
31.7%
7 x 8???
31.6%
9 x 7???
31.4%
4 x 8???
31.4%
8 x 6???
31.3%
7 x 9???
31.2%
9 x 6???
30.9%
6 x 9???
30.2%

You're not logged in!

Compare scores with friends on all Sporcle quizzes.
Sign Up with Email
OR
Log In

You Might Also Like...

Show Comments

Extras

Top Quizzes Today


Score Distribution

Your Account Isn't Verified!

In order to create a playlist on Sporcle, you need to verify the email address you used during registration. Go to your Sporcle Settings to finish the process.